000 00779nam a2200205 4500
999 _c17638
_d17638
008 221118b ||||| |||| 00| 0 eng d
020 _a9786218179752
082 _22021
_aDFil 387.5
_bV839
100 _aVizconde, Angelie Marie L.
_946805
245 _aCruise tourism /
_cAngelie Marie L. Vizconde, Sharill T. Victoriano and Irene B. Francia.
260 _aManila :
_bEdric Publishing House,
_c©2021.
300 _a117 pages :
_billustrations ;
_c25 cm.
500 _aIncludes glossary and Includes bibliographical references.
650 _aOcean travel.
_9158
650 _aCruise lines.
_939961
700 _aVictoriano, Sharill T.,
_eauthor.
_946769
700 _aFrancia, Irene B.,
_eauthor.
_946848
700 _aFrancia, Irene B.
_eauthor.
_946849
942 _2ddc
_cDFIL